000 00263nam a2200097Ia 4500
005 20251222114344.0
008 251222s1900||||xx |||||||||||||| ||spa||
082 _aDVD0126/B75
245 0 _aConcierto de navidad: conjunto vocal instrumental Dulce Memoria.
942 _cDVD
999 _c971
_d971